Review of selected factors involved on the creation and evolution of the global economic crisis
Popis vybraných finančných produktov, ktoré vplývali na rozšírenie globálnej hospodárskej krízy.
Guardado en:
| Autor principal: | |
|---|---|
| Formato: | Capítulo de libro |
| Lenguaje: | inglés |
| Materias: | |
| Etiquetas: |
Sin Etiquetas, Sea el primero en etiquetar este registro!
|
MARC
| LEADER | 00000nla a2200000 4500 | ||
|---|---|---|---|
| 001 | 0151723 | ||
| 005 | 20240502083345.8 | ||
| 041 | 0 | |a eng | |
| 044 | |a CZ | ||
| 245 | 1 | 0 | |a Review of selected factors involved on the creation and evolution of the global economic crisis |c Alexander Turan |
| 520 | |a Popis vybraných finančných produktov, ktoré vplývali na rozšírenie globálnej hospodárskej krízy. | ||
| 610 | 2 | 0 | |a kríza hospodárska |
| 610 | 2 | 0 | |a svet |
| 610 | 2 | 0 | |a financie |
| 610 | 2 | 0 | |a produkty |
| 610 | 2 | 0 | |a obligácie |
| 610 | 2 | 0 | |a swap |
| 100 | 1 | |a Turan, Alexander | |